[Event "25th Southern California Championship"]
[Site "Monterey Park, CA"]
[Date "2013.06.20"]
[Round "1"]
[White "Yankovsky, Roman"]
[Black "Aldama Degurnay, Dionisio"]
[Result "0-1"]
[WhiteElo "2546"]
[BlackElo "2566"]
[PlyCount "80"]
[EventDate "2013.06.??"]
[EventType "tourn"]
[EventRounds "7"]
[EventCountry "USA"]
[EventCategory "7"]

1. e4 a6 2. d4 e6 3. Nf3 d5 4. e5 c5 5. c3 Nc6 6. Bd3 Nh6 7. O-O cxd4 8. cxd4
Nf5 9. Bxf5 exf5 10. Nc3 Be7 11. Ne2 g5 12. Qb3 f4 13. Rd1 Be6 14. Bd2 Qd7 15.
Ne1 Bg4 16. f3 Bf5 17. Nd3 O-O 18. Rac1 Rac8 19. a3 Rfd8 20. Be1 Rc7 21. h4 h6
22. Qb6 Bxd3 23. Rxd3 Rdc8 24. Rdc3 Qe6 25. Bf2 f6 26. Re1 fxe5 27. dxe5 Bf8
28. Qb3 Na5 29. Qd1 Nc4 30. Nd4 Qg6 31. b3 Nb2 32. Rxc7 Rxc7 33. Qd2 Nd3 34.
Rd1 Nxe5 35. Ne2 Rd7 36. hxg5 hxg5 37. Nc3 g4 38. Bd4 Nc6 39. Qxf4 gxf3 40. g4
Rf7 {White Resigns.} 0-1

[Event "25th Southern California Championship"]
[Site "Monterey Park, CA"]
[Date "2013.06.20"]
[Round "1"]
[White "Kretchetov, Alexandre"]
[Black "Matikozian, Andranik"]
[Result "1/2-1/2"]
[WhiteElo "2375"]
[BlackElo "2518"]
[PlyCount "34"]
[EventDate "2013.06.??"]
[EventType "tourn"]
[EventRounds "7"]
[EventCountry "USA"]
[EventCategory "7"]

1. e4 c5 2. Nf3 d6 3. d4 cxd4 4. Nxd4 Nf6 5. f3 a6 6. c4 e5 7. Nc2 Be6 8. Be2
Nbd7 9. O-O Rc8 10. Ne3 Be7 11. Nc3 O-O 12. Ned5 Bxd5 13. Nxd5 Nxd5 14. Qxd5
Rc6 15. b3 Bg5 16. Bxg5 Qxg5 17. f4 Qh6 1/2-1/2

[Event "25th Southern California Championship"]
[Site "Monterey Park, CA"]
[Date "2013.06.20"]
[Round "1"]
[White "Sevillano, Enrico"]
[Black "Bryant, John Daniel"]
[Result "1/2-1/2"]
[WhiteElo "2549"]
[BlackElo "2552"]
[PlyCount "37"]
[EventDate "2013.06.??"]
[EventType "tourn"]
[EventRounds "7"]
[EventCountry "USA"]
[EventCategory "7"]

1. d4 d5 2. Nf3 Nf6 3. c4 dxc4 4. e3 e6 5. Bxc4 c5 6. O-O a6 7. dxc5 Qxd1 8.
Rxd1 Bxc5 9. a3 O-O 10. b4 Be7 11. Bb2 Nbd7 12. Ne5 Nxe5 13. Bxe5 b5 14. Be2
Bb7 15. Nd2 a5 16. Bxb5 axb4 17. axb4 Bxb4 18. Rab1 Be7 19. Be2 1/2-1/2

[Event "25th Southern California Championship"]
[Site "Monterey Park, CA"]
[Date "2013.06.20"]
[Round "1"]
[White "Khachiyan, Melikset"]
[Black "Landaw, Julian W"]
[Result "1/2-1/2"]
[WhiteElo "2596"]
[BlackElo "2370"]
[PlyCount "164"]
[EventDate "2013.06.??"]
[EventType "tourn"]
[EventRounds "7"]
[EventCountry "USA"]
[EventCategory "7"]

1. e4 e5 2. Nf3 Nc6 3. Bb5 a6 4. Ba4 Nf6 5. O-O Be7 6. Re1 b5 7. Bb3 d6 8. c3
O-O 9. h3 Na5 10. Bc2 c5 11. d3 Re8 12. Nbd2 Bf8 13. Nf1 h6 14. Ng3 Nc6 15. a4
Bb7 16. d4 exd4 17. cxd4 Qb6 18. axb5 Nxd4 19. Nxd4 cxd4 20. bxa6 Bxa6 21. Bd3
Bxd3 22. Rxa8 Rxa8 23. Qxd3 Nd7 24. Nf5 Ra4 25. Qd1 Qa5 26. b3 Ra1 27. Nxd4 d5
28. Nc2 Ra2 29. Re2 Nf6 30. exd5 Qxd5 31. Qxd5 Nxd5 32. Nd4 Ra1 33. Re1 Bc5 34.
Nf3 Ra2 35. Bd2 Bb4 36. Re8+ Kh7 37. Rd8 Bxd2 38. Rxd5 Ba5 39. Kf1 Bb6 40. Nd2
f6 41. b4 Kg6 42. b5 Kf7 43. Ne4 Ke7 44. g4 Rb2 45. f3 Be3 46. h4 Ke6 47. Rd3
Ba7 48. Nc3 f5 49. gxf5+ Kxf5 50. Rd7 Rf2+ 51. Ke1 Rxf3 52. Kd2 Bb8 53. b6 Ke6
54. Rd8 Bf4+ 55. Kc2 Ke7 56. Rc8 Be5 57. b7 g5 58. hxg5 hxg5 59. Nd5+ Kd7 60.
Nb6+ Ke7 61. Rc5 Rf2+ 62. Kd3 Bb8 63. Rxg5 Rb2 64. Rg6 Kd8 65. Rc6 Bc7 66. Ke4
Rb1 67. Kd3 Rb2 68. Ke4 Rb1 69. b8=Q+ Bxb8 70. Rc8+ Ke7 71. Rxb8 Re1+ 72. Kd5
Rd1+ 73. Kc5 Rc1+ 74. Nc4 Ke6 75. Re8+ Kf5 76. Re2 Kf6 77. Kd5 Rd1+ 78. Ke4 Ra1
79. Nb6 Rh1 80. Nd5+ Ke6 81. Rb2 Kd6 82. Rd2 Kc5 1/2-1/2

[Event "25th Southern California Championship"]
[Site "Monterey Park, CA"]
[Date "2013.06.21"]
[Round "2"]
[White "Aldama Degurnay, Dionisio"]
[Black "Khachiyan, Melikset"]
[Result "0-1"]
[WhiteElo "2566"]
[BlackElo "2596"]
[PlyCount "66"]
[EventDate "2013.06.??"]
[EventType "tourn"]
[EventRounds "7"]
[EventCountry "USA"]
[EventCategory "7"]

1. e4 e5 2. Nf3 Nc6 3. Bb5 f5 4. d3 fxe4 5. dxe4 Nf6 6. Qe2 Bc5 7. c3 d6 8. b4
Bb6 9. Bc4 Qe7 10. Nbd2 a5 11. Rb1 axb4 12. cxb4 Be6 13. O-O O-O 14. a3 h6 15.
Rb3 Kh7 16. Bxe6 Qxe6 17. Nc4 Ba7 18. b5 Nd4 19. Nxd4 Bxd4 20. Rg3 Ra4 21. Nd2
Qf7 22. Qd1 Rfa8 23. Kh1 Bc5 24. f4 exf4 25. Rh3 Bxa3 26. e5 Bxc1 27. Qxc1 dxe5
28. Nf3 Qd5 29. Qxc7 Ra1 30. Rc1 e4 31. Ng1 Ng4 32. Qxf4 Rxc1 33. Qxg4 Raa1 0-1

[Event "25th Southern California Championship"]
[Site "Monterey Park, CA"]
[Date "2013.06.21"]
[Round "2"]
[White "Landaw, Julian W"]
[Black "Sevillano, Enrico"]
[Result "0-1"]
[WhiteElo "2370"]
[BlackElo "2549"]
[PlyCount "100"]
[EventDate "2013.06.??"]
[EventType "tourn"]
[EventRounds "7"]
[EventCountry "USA"]
[EventCategory "7"]

1. e4 c5 2. Nc3 Nc6 3. g3 g6 4. Bg2 Bg7 5. d3 d6 6. f4 e5 7. Nh3 exf4 8. Bxf4
Nge7 9. Qd2 h6 10. O-O g5 11. Be3 O-O 12. Qd1 Ne5 13. Nf2 f5 14. exf5 Nxf5 15.
Nd5 Be6 16. c3 Qd7 17. Bd2 Rae8 18. Qc2 Qf7 19. Ne3 Nxe3 20. Bxe3 Nf3+ 21. Bxf3
Qxf3 22. Rae1 Qc6 23. b3 b6 24. Nd1 Bh3 25. Rxf8+ Rxf8 26. Qe2 Re8 27. Qf2 Qd5
28. Qd2 Bc8 29. c4 Qc6 30. Qg2 Qd7 31. Nf2 Bb7 32. Qh3 Qxh3 33. Nxh3 Bc3 34.
Re2 Bf3 35. Rc2 Rxe3 36. Rxc3 Re2 37. d4 Rg2+ 38. Kf1 g4 39. dxc5 dxc5 40. Nf2
Rxh2 41. Rd3 h5 42. Rd8+ Kg7 43. Rd7+ Kg6 44. Rxa7 h4 45. Nxg4 Bxg4 46. gxh4
Kf5 47. Kg1 Rd2 48. Ra6 Kf4 49. Rxb6 Kg3 50. Rf6 Rxa2 0-1

[Event "25th Southern California Championship"]
[Site "Monterey Park, CA"]
[Date "2013.06.21"]
[Round "2"]
[White "Bryant, John Daniel"]
[Black "Kretchetov, Alexandre"]
[Result "1-0"]
[WhiteElo "2552"]
[BlackElo "2375"]
[PlyCount "81"]
[EventDate "2013.06.??"]
[EventType "tourn"]
[EventRounds "7"]
[EventCountry "USA"]
[EventCategory "7"]

1. e4 e5 2. Nf3 Nc6 3. Bb5 g6 4. c3 a6 5. Ba4 d6 6. d4 Bd7 7. Nbd2 Bg7 8. d5
Nb8 9. Bc2 Nf6 10. a4 O-O 11. Nc4 Nh5 12. Ne3 Qe8 13. h3 Nf4 14. g3 Nh5 15. Nh4
f6 16. Bd3 Bh6 17. Be2 Ng7 18. Nhg2 f5 19. exf5 gxf5 20. Bd2 a5 21. O-O Kh8 22.
f4 Na6 23. b4 Qg6 24. Kh2 Rae8 25. Rb1 Rg8 26. Be1 Re7 27. Ra1 Rge8 28. Bd2 Rg8
29. Rg1 exf4 30. Nxf4 Bxf4 31. gxf4 Qh6 32. Ng2 Be8 33. Qf1 Bh5 34. Bd3 Bg4 35.
Ne3 Bh5 36. Qf2 Rge8 37. Rxg7 Qxg7 38. Nxf5 Qf6 39. Nxe7 Rxe7 40. Rg1 Bg6 41.
Be3 1-0

[Event "25th Southern California Championship"]
[Site "Monterey Park, CA"]
[Date "2013.06.21"]
[Round "2"]
[White "Matikozian, Andranik"]
[Black "Yankovsky, Roman"]
[Result "1-0"]
[WhiteElo "2518"]
[BlackElo "2546"]
[PlyCount "79"]
[EventDate "2013.06.??"]
[EventType "tourn"]
[EventRounds "7"]
[EventCountry "USA"]
[EventCategory "7"]

1. e4 c5 2. Nf3 d6 3. Nc3 a6 4. d4 cxd4 5. Nxd4 Nf6 6. Bc4 e6 7. O-O b5 8. Bb3
Be7 9. Qf3 Qc7 10. Qg3 Rg8 11. f3 g5 12. Kh1 Bb7 13. a4 b4 14. Na2 g4 15. Qe1
Qc5 16. Qxb4 Qxb4 17. Nxb4 gxf3 18. gxf3 d5 19. exd5 Bxb4 20. dxe6 Bd5 21.
exf7+ Kxf7 22. Be3 Bxb3 23. Nxb3 Re8 24. Bg1 Nc6 25. Rad1 Re2 26. Rf2 Rxf2 27.
Bxf2 Re8 28. c3 Bf8 29. Rd2 Ne5 30. Nd4 Bc5 31. b4 Bxd4 32. Rxd4 Nxf3 33. Rf4
Ne5 34. Bd4 Ke6 35. c4 Rg8 36. b5 a5 37. c5 Rg4 38. Bxe5 Kxe5 39. Rxg4 Nxg4 40.
b6 1-0

[Event "25th Southern California Championship"]
[Site "Monterey Park, CA"]
[Date "2013.06.21"]
[Round "3"]
[White "Matikozian, Andranik"]
[Black "Aldama Degurnay, Dionisio"]
[Result "1-0"]
[WhiteElo "2518"]
[BlackElo "2566"]
[PlyCount "159"]
[EventDate "2013.06.??"]
[EventType "tourn"]
[EventRounds "7"]
[EventCountry "USA"]
[EventCategory "7"]

1. e4 c5 2. Nf3 e6 3. Nc3 a6 4. d4 cxd4 5. Nxd4 Qc7 6. g3 Nf6 7. Bg2 Bb4 8. O-O
Bxc3 9. bxc3 O-O 10. Bg5 d6 11. Bxf6 gxf6 12. Qg4+ Kh8 13. Qh4 Nd7 14. e5 f5
15. exd6 Qxd6 16. Rfe1 Rg8 17. Nf3 Qf8 18. Qd4+ Qg7 19. Rad1 Nf8 20. Ne5 f6 21.
Nc4 e5 22. Qb6 Be6 23. Nd6 Rb8 24. Bxb7 f4 25. Qxa6 h5 26. Rd3 h4 27. c4 Nh7
28. Ne4 Bf5 29. Bd5 Rgf8 30. c5 Bxe4 31. Bxe4 f5 32. Bc6 e4 33. Rd7 Qc3 34. Qe2
hxg3 35. hxg3 fxg3 36. Kg2 Nf6 37. fxg3 Kg8 38. Qe3 Qxe3 39. Rxe3 Nxd7 40. Bxd7
Rb2 41. Rc3 Kf7 42. Bxf5 Ke7 43. g4 Kd8 44. Bxe4 Rxa2 45. Kg3 Ra4 46. Bc6 Ra5
47. Bf3 Kc7 48. c6 Rg8 49. Rc4 Ra3 50. c3 Ra1 51. Rf4 Rc1 52. c4 Rc3 53. Kh4
Rh8+ 54. Kg3 Rg8 55. Kf2 Rg7 56. Bd5 Kd6 57. Rf6+ Ke5 58. Re6+ Kf4 59. Re4+ Kg5
60. Re3 Rc1 61. Kf3 Ra7 62. Re5+ Kf6 63. Rf5+ Kg6 64. Ke4 Rg1 65. Kf4 Re7 66.
Rg5+ Kf6 67. Rf5+ Kg6 68. Bf3 Rc1 69. Rc5 Rf7+ 70. Ke4 Re1+ 71. Kd4 Rf4+ 72.
Kd5 Rxf3 73. c7 Rd3+ 74. Kc6 Re8 75. Rd5 Rc3 76. c5 Kf7 77. Rd7+ Kg6 78. Rd8
Re5 79. Rd5 Re8 80. Kd7 1-0

[Event "25th Southern California Championship"]
[Site "Monterey Park, CA"]
[Date "2013.06.21"]
[Round "3"]
[White "Yankovsky, Roman"]
[Black "Bryant, John Daniel"]
[Result "1-0"]
[WhiteElo "2546"]
[BlackElo "2552"]
[PlyCount "89"]
[EventDate "2013.06.??"]
[EventType "tourn"]
[EventRounds "7"]
[EventCountry "USA"]
[EventCategory "7"]

1. e4 e5 2. Nf3 Nc6 3. Bc4 Bc5 4. c3 Nf6 5. d3 O-O 6. Bg5 h6 7. Bh4 Be7 8. Nbd2
d6 9. O-O g5 10. Bg3 Kg7 11. d4 Nd7 12. d5 Ncb8 13. Ne1 Rh8 14. Be2 Nf6 15. Nd3
Nbd7 16. c4 Nf8 17. c5 Ng6 18. cxd6 cxd6 19. Rc1 h5 20. f3 h4 21. Bf2 Nh5 22.
Rc3 Ngf4 23. Nxf4 gxf4 24. h3 Ng3 25. Re1 Rg8 26. Bd3 Kh8 27. Kh2 Qf8 28. Ra3
Qg7 29. Rg1 Nh5 30. Qc2 Nf6 31. Rxa7 Rb8 32. Nc4 Nd7 33. b4 Qg6 34. a4 Bd8 35.
a5 Qh6 36. Kh1 Rg3 37. Rc1 Nf8 38. Bf1 Nh7 39. Nb6 Bxb6 40. axb6 Bxh3 41. gxh3
Ng5 42. Bxg3 hxg3 43. Qg2 f5 44. exf5 Qh5 45. Rc7 1-0

[Event "25th Southern California Championship"]
[Site "Monterey Park, CA"]
[Date "2013.06.21"]
[Round "3"]
[White "Kretchetov, Alexandre"]
[Black "Landaw, Julian W"]
[Result "0-1"]
[WhiteElo "2375"]
[BlackElo "2370"]
[PlyCount "102"]
[EventDate "2013.06.??"]
[EventType "tourn"]
[EventRounds "7"]
[EventCountry "USA"]
[EventCategory "7"]

1. e4 e5 2. Nf3 Nc6 3. Bc4 Bc5 4. O-O d6 5. d3 Nf6 6. h3 Na5 7. Nc3 Nxc4 8.
dxc4 h6 9. Qe2 a6 10. Be3 Nd7 11. Rad1 Bxe3 12. Qxe3 O-O 13. a4 a5 14. Kh2 Re8
15. g3 Nc5 16. Nh4 Qd7 17. g4 Nxa4 18. Nxa4 Qxa4 19. g5 Qxc4 20. gxh6 g6 21.
Rg1 Qe6 22. Nf5 Qf6 23. h7+ Kh8 24. Nh6 Kxh7 25. Ng4 Bxg4 26. Rxg4 Kg7 27. Rdg1
Rh8 28. R1g3 Rh5 29. f3 Ra6 30. Qa3 Rh4 31. Rg5 Qe6 32. Qd3 a4 33. Qc3 Rc6 34.
Qd2 Qa2 35. Rg2 Qe6 36. R5g3 Ra6 37. Qc3 c6 38. Qb4 Ra8 39. Qxb7 Rah8 40. Rxg6+
Qxg6 41. Rxg6+ Kxg6 42. Qxc6 Rxh3+ 43. Kg2 Rh2+ 44. Kg1 Rd2 45. Qd7 Rh6 46.
Qxa4 Rhh2 47. Qd7 Rhg2+ 48. Kh1 Kg7 49. c4 Rg6 50. c5 Rxb2 51. c6 Rb8 0-1

[Event "25th Southern California Championship"]
[Site "Monterey Park, CA"]
[Date "2013.06.21"]
[Round "3"]
[White "Sevillano, Enrico"]
[Black "Khachiyan, Melikset"]
[Result "1/2-1/2"]
[WhiteElo "2549"]
[BlackElo "2596"]
[PlyCount "20"]
[EventDate "2013.06.??"]
[EventType "tourn"]
[EventRounds "7"]
[EventCountry "USA"]
[EventCategory "7"]

1. d4 d5 2. c4 e6 3. Nc3 Be7 4. Nf3 Nf6 5. cxd5 exd5 6. Bg5 O-O 7. e3 c6 8. Bd3
Nbd7 9. O-O Re8 10. Qc2 Nf8 1/2-1/2

[Event "25th Southern California Championship"]
[Site "Monterey Park, CA"]
[Date "2013.06.22"]
[Round "4"]
[White "Aldama Degurnay, Dionisio"]
[Black "Sevillano, Enrico"]
[Result "0-1"]
[WhiteElo "2566"]
[BlackElo "2549"]
[PlyCount "68"]
[EventDate "2013.06.??"]
[EventType "tourn"]
[EventRounds "7"]
[EventCountry "USA"]
[EventCategory "7"]

1. e4 e6 2. d4 d5 3. Nc3 Bb4 4. e5 c5 5. a3 Bxc3+ 6. bxc3 Ne7 7. h4 Bd7 8. Rb1
Qc7 9. h5 Ba4 10. Bd3 Nbc6 11. Rh4 c4 12. Bf1 O-O-O 13. Ne2 f6 14. exf6 gxf6
15. g4 Rhg8 16. Bf4 e5 17. Bh2 Kb8 18. f4 Ka8 19. Qd2 Nc8 20. fxe5 fxe5 21. g5
Qe7 22. Rg4 Nd6 23. Bg2 Nb5 24. dxe5 Nxa3 25. Rb2 Nxe5 26. Rg3 Nxc2+ 27. Rxc2
Bxc2 28. Qxc2 Nd3+ 29. Rxd3 cxd3 30. Qxd3 Qxg5 31. Bf1 Rde8 32. Kd1 Rgf8 33.
Qh3 Re3 34. Ng3 Rxc3 {Flag} 0-1

[Event "25th Southern California Championship"]
[Site "Monterey Park, CA"]
[Date "2013.06.22"]
[Round "4"]
[White "Khachiyan, Melikset"]
[Black "Kretchetov, Alexandre"]
[Result "1-0"]
[WhiteElo "2596"]
[BlackElo "2375"]
[PlyCount "85"]
[EventDate "2013.06.??"]
[EventType "tourn"]
[EventRounds "7"]
[EventCountry "USA"]
[EventCategory "7"]

1. e4 e5 2. Nf3 Nc6 3. Bc4 Bc5 4. c3 Nf6 5. d3 a6 6. O-O Ba7 7. Nbd2 d6 8. Bb3
Ne7 9. h3 Ng6 10. Re1 O-O 11. Nf1 Nh5 12. d4 Nhf4 13. Bxf4 exf4 14. e5 d5 15.
Bc2 Be6 16. Qd3 f5 17. exf6 Qxf6 18. Ne5 Bf5 19. Qxf5 Qxf5 20. Bxf5 Rxf5 21.
Nxg6 hxg6 22. Nd2 Kf8 23. Nf3 Re8 24. Rxe8+ Kxe8 25. Re1+ Kd7 26. Ne5+ Kd6 27.
Nxg6 c5 28. dxc5+ Bxc5 29. b4 Ba7 30. Re7 d4 31. cxd4 Bxd4 32. Rxb7 Rf6 33. Nh4
Rf8 34. Nf3 Bc3 35. Rb6+ Kd5 36. Rxa6 Bxb4 37. Ra7 Bc3 38. Ra4 Rb8 39. Rxf4
Rb1+ 40. Kh2 Rb2 41. Rf5+ Ke6 42. Rc5 Bb4 43. Nd4+ 1-0

[Event "25th Southern California Championship"]
[Site "Monterey Park, CA"]
[Date "2013.06.22"]
[Round "4"]
[White "Landaw, Julian W"]
[Black "Yankovsky, Roman"]
[Result "0-1"]
[WhiteElo "2370"]
[BlackElo "2546"]
[PlyCount "92"]
[EventDate "2013.06.??"]
[EventType "tourn"]
[EventRounds "7"]
[EventCountry "USA"]
[EventCategory "7"]

1. e4 c5 2. Nc3 Nc6 3. g3 g6 4. Bg2 Bg7 5. d3 e6 6. Be3 d6 7. f4 Nge7 8. Nf3
Nd4 9. O-O O-O 10. e5 Nef5 11. Bf2 Bd7 12. exd6 Bc6 13. Ne4 Nxf3+ 14. Bxf3 b6
15. c3 Rc8 16. Qe2 Nxd6 17. Rfe1 Qd7 18. Rad1 Rfd8 19. d4 Nxe4 20. Bxe4 c4 21.
g4 Bxe4 22. Qxe4 Qb5 23. Rd2 Rd5 24. Bg3 Re8 25. h3 Qd7 26. Rf2 f5 27. Qe2 b5
28. Rf3 Kf7 29. Re3 Bf6 30. g5 Bg7 31. h4 h5 32. gxh6 Bxh6 33. Kf2 Qc6 34. Qf3
Rd6 35. Qd1 Bg7 36. h5 Rh8 37. Rh1 Rdd8 38. Ree1 Rh6 39. Qe2 Rxd4 40. Qxe6+
Qxe6 41. Rxe6 Kxe6 42. cxd4 Bxd4+ 43. Kf3 Bxb2 44. Re1+ Kd5 45. hxg6 Rxg6 46.
Bf2 Ra6 0-1

[Event "25th Southern California Championship"]
[Site "Monterey Park, CA"]
[Date "2013.06.22"]
[Round "4"]
[White "Bryant, John Daniel"]
[Black "Matikozian, Andranik"]
[Result "0-1"]
[WhiteElo "2552"]
[BlackElo "2518"]
[PlyCount "120"]
[EventDate "2013.06.??"]
[EventType "tourn"]
[EventRounds "7"]
[EventCountry "USA"]
[EventCategory "7"]

1. e4 c5 2. Nf3 d6 3. d4 cxd4 4. Nxd4 Nf6 5. Nc3 a6 6. Be2 e5 7. Nb3 Be7 8. O-O
O-O 9. Qd3 Be6 10. Nd5 Nxd5 11. exd5 Bc8 12. c4 Nd7 13. Be3 Bg5 14. c5 Bxe3 15.
Qxe3 dxc5 16. Nxc5 Qb6 17. Nxd7 Qxe3 18. Nf6+ gxf6 19. fxe3 f5 20. Rac1 Rd8 21.
Rfd1 Rd6 22. Rc7 Rb8 23. Bc4 Bd7 24. Bb3 Kf8 25. Rf1 Ke8 26. Bc2 Kd8 27. Rc3 e4
28. Rf4 Ke7 29. g4 Rxd5 30. gxf5 Rg8+ 31. Kf1 Rd2 32. Rf2 Bb5+ 33. Ke1 Rdd8 34.
Rf4 Rg1+ 35. Kf2 Rf1+ 36. Kg3 Rg8+ 37. Kh4 Rxf4+ 38. exf4 Bc6 39. Bxe4 Bxe4 40.
Re3 Kf6 41. Rxe4 b5 42. Re5 Rg2 43. Kh3 Rxb2 44. a4 Rb4 45. axb5 Rxb5 46. Re4
Kxf5 47. Ra4 a5 48. Kh4 Ke6 49. Kg4 Kd6 50. h4 h5+ 51. Kf3 Kc6 52. Re4 f5 53.
Re6+ Kc5 54. Ke3 Kb4 55. Kd2 a4 56. Kc2 Rc5+ 57. Kb1 Rc4 58. Rb6+ Kc3 59. Ka2
Rxf4 60. Rf6 Kd3 0-1

[Event "25th Southern California Championship"]
[Site "Monterey Park, CA"]
[Date "2013.06.22"]
[Round "5"]
[White "Bryant, John Daniel"]
[Black "Aldama Degurnay, Dionisio"]
[Result "0-1"]
[WhiteElo "2552"]
[BlackElo "2566"]
[PlyCount "70"]
[EventDate "2013.06.??"]
[EventType "tourn"]
[EventRounds "7"]
[EventCountry "USA"]
[EventCategory "7"]

1. d4 Nf6 2. c4 e6 3. Nf3 c5 4. d5 exd5 5. cxd5 d6 6. Nc3 g6 7. Bf4 Bg7 8. Qa4+
Bd7 9. Qb3 Qc7 10. e4 O-O 11. Nd2 Nh5 12. Be3 a6 13. Be2 b5 14. Bxh5 gxh5 15.
Ne2 f5 16. O-O fxe4 17. Nf4 Be5 18. Nxh5 Bg4 19. Ng3 Qg7 20. Rab1 h5 21. Ngxe4
c4 22. Qa3 a5 23. f3 Bd7 24. Bf2 Na6 25. Qe3 Nb4 26. Nc3 Nd3 27. Kh1 h4 28.
Bxh4 Rf4 29. Bg3 Bd4 30. Qe2 Qxg3 31. hxg3 Kf7 32. Rf2 Nxf2+ 33. Kg1 Ne4+ 34.
Kf1 Nxg3+ 35. Ke1 Nxe2 {White Resigns.} 0-1

[Event "25th Southern California Championship"]
[Site "Monterey Park, CA"]
[Date "2013.06.22"]
[Round "5"]
[White "Matikozian, Andranik"]
[Black "Landaw, Julian W"]
[Result "1/2-1/2"]
[WhiteElo "2518"]
[BlackElo "2370"]
[PlyCount "31"]
[EventDate "2013.06.??"]
[EventType "tourn"]
[EventRounds "7"]
[EventCountry "USA"]
[EventCategory "7"]

1. Nf3 Nf6 2. g3 d5 3. Bg2 c6 4. O-O Bf5 5. d3 h6 6. Nfd2 Nbd7 7. e4 dxe4 8.
dxe4 Bh7 9. Nc3 Qc7 10. f4 e5 11. f5 O-O-O 12. Qe2 Ne8 13. a4 f6 14. Nc4 Bc5+
15. Be3 Bxe3+ 16. Nxe3 1/2-1/2

[Event "25th Southern California Championship"]
[Site "Monterey Park, CA"]
[Date "2013.06.22"]
[Round "5"]
[White "Yankovsky, Roman"]
[Black "Khachiyan, Melikset"]
[Result "1/2-1/2"]
[WhiteElo "2546"]
[BlackElo "2596"]
[PlyCount "120"]
[EventDate "2013.06.??"]
[EventType "tourn"]
[EventRounds "7"]
[EventCountry "USA"]
[EventCategory "7"]

1. e4 e5 2. Nf3 Nc6 3. Bc4 Bc5 4. c3 Nf6 5. d3 d6 6. Bg5 h6 7. Bh4 g5 8. Bg3
O-O 9. Nbd2 Kg7 10. Qe2 a6 11. Bb3 Ba7 12. O-O-O Nh5 13. Ne1 Nf4 14. Bxf4 gxf4
15. g3 Qf6 16. f3 Bh3 17. Ng2 Kh8 18. gxf4 Bxg2 19. Qxg2 Qxf4 20. Kb1 Rg8 21.
Qh3 Rad8 22. Nf1 Bf2 23. Rd2 Bb6 24. Re2 Ne7 25. Ng3 Rdf8 26. Rf1 Qg5 27. Nh5
Ng6 28. Rg2 Nf4 29. Rxg5 Nxh3 30. Rxg8+ Rxg8 31. Bxf7 Rg2 32. Be6 Rxh2 33. Nf6
Nf4 34. Ng4 Rh4 35. Bc8 h5 36. Nf6 Nxd3 37. Bxb7 Rh2 38. Bxa6 Nxb2 39. Nd5 Na4
40. f4 Nc5 41. fxe5 dxe5 42. Bb5 Nxe4 43. Re1 Nd2+ 44. Kc2 Nc4+ 45. Kc1 Bf2 46.
Re2 Rh1+ 47. Kc2 Na3+ 48. Kb3 Nxb5 49. Rxf2 c6 50. Ne7 Rh3 51. Ng6+ Kg7 52.
Nxe5 Nxc3 53. Kc4 Ne4 54. Rg2+ Kf6 55. Nxc6 h4 56. Nd4 Ke5 57. Ne2 Ra3 58. Ng1
Kf4 59. Kb4 Rg3 60. Rxg3 Kxg3 1/2-1/2

[Event "25th Southern California Championship"]
[Site "Monterey Park, CA"]
[Date "2013.06.22"]
[Round "5"]
[White "Kretchetov, Alexandre"]
[Black "Sevillano, Enrico"]
[Result "1-0"]
[WhiteElo "2375"]
[BlackElo "2549"]
[PlyCount "93"]
[EventDate "2013.06.??"]
[EventType "tourn"]
[EventRounds "7"]
[EventCountry "USA"]
[EventCategory "7"]

{Best game prizewinner as judged by IM Jack Peters.} 1. d4 e6 2. c4 b6 3. a3
Bb7 4. Nc3 Nf6 5. d5 exd5 6. cxd5 Bc5 7. g3 O-O 8. Bg2 Re8 9. Nh3 a5 10. O-O
Na6 11. e4 b5 12. Re1 b4 13. Na4 d6 14. Nxc5 Nxc5 15. f3 Nfd7 16. Be3 Ba6 17.
Nf2 Qb8 18. Bd4 bxa3 19. Rxa3 a4 20. f4 f6 21. Bh3 Bb5 22. Qh5 Re7 23. Be6+ Kh8
24. g4 Nxe6 25. dxe6 Rxe6 26. Rh3 Nf8 27. f5 Be8 28. Qh4 Re5 29. g5 Qd8 30.
gxf6 Qxf6 31. Qxf6 gxf6 32. Bxe5 fxe5 33. Rc3 Nd7 34. Rxc7 Nf6 35. Rd1 Bb5 36.
h3 Be2 37. Re1 Bh5 38. Re3 Rb8 39. Rd3 Rxb2 40. Rxd6 Ne8 41. Rd8 a3 42. Ra7 a2
43. Rda8 Rb4 44. Ng4 Rxe4 45. Nf6 Re1+ 46. Kf2 a1=Q 47. Rxh7# 1-0

[Event "25th Southern California Championship"]
[Site "Monterey Park, CA"]
[Date "2013.06.23"]
[Round "6"]
[White "Aldama Degurnay, Dionisio"]
[Black "Kretchetov, Alexandre"]
[Result "0-1"]
[WhiteElo "2566"]
[BlackElo "2375"]
[PlyCount "88"]
[EventDate "2013.06.??"]
[EventType "tourn"]
[EventRounds "7"]
[EventCountry "USA"]
[EventCategory "7"]

1. e4 e5 2. Nf3 Nc6 3. Bb5 g6 4. d4 exd4 5. c3 d3 6. Qxd3 Bg7 7. Bg5 Nge7 8.
Nbd2 O-O 9. O-O-O d6 10. Qe3 Be6 11. h4 h5 12. Bh6 a6 13. Bxg7 Kxg7 14. Be2 Qd7
15. Nb3 Bg4 16. Nfd4 Bxe2 17. Nxe2 Rae8 18. f3 f5 19. Nf4 Ng8 20. Rh3 fxe4 21.
Rg3 Ne5 22. Nxh5+ Kh7 23. Nc5 Qf5 24. Rg5 Qf7 25. Nxb7 exf3 26. Ng3 fxg2 27. h5
Qf4 28. Qxf4 Rxf4 29. hxg6+ Kh6 30. Rf5 Nd3+ 31. Kd2 Re1 32. Rxe1 Nxe1 33. Rxf4
g1=Q 34. Rh4+ Kxg6 35. Rg4+ Kf7 36. Rf4+ Ke6 37. Re4+ Kd7 38. Ne2 Nf3+ 39. Kd3
Qb1+ 40. Ke3 Ng1 41. Nf4 Nf6 42. Rd4 Qe1+ 43. Kd3 Nf3 44. Nc5+ Kc6 {White
Resigns.} 0-1

[Event "25th Southern California Championship"]
[Site "Monterey Park, CA"]
[Date "2013.06.23"]
[Round "6"]
[White "Sevillano, Enrico"]
[Black "Yankovsky, Roman"]
[Result "1/2-1/2"]
[WhiteElo "2549"]
[BlackElo "2546"]
[PlyCount "69"]
[EventDate "2013.06.??"]
[EventType "tourn"]
[EventRounds "7"]
[EventCountry "USA"]
[EventCategory "7"]

1. e4 c5 2. c3 e5 3. Nf3 Nc6 4. Bc4 Nf6 5. Ng5 d5 6. exd5 Nxd5 7. Qh5 g6 8. Qf3
Qxg5 9. Bxd5 Nd8 10. O-O Qe7 11. Re1 Be6 12. Rxe5 Bg7 13. Re1 O-O 14. Bxe6 Nxe6
15. d3 Rad8 16. Na3 Qd7 17. Nc4 Qxd3 18. Qxd3 Rxd3 19. a4 b6 20. h4 Rfd8 21.
Be3 R8d7 22. Kf1 f5 23. Bh6 Bxh6 24. Rxe6 Rd1+ 25. Rxd1 Rxd1+ 26. Re1 Rxe1+ 27.
Kxe1 Bf4 28. Ke2 Kf7 29. g3 Bc7 30. f4 Ke6 31. Ne3 h6 32. Kf3 a6 33. c4 a5 34.
b3 h5 35. Nd5 1/2-1/2

[Event "25th Southern California Championship"]
[Site "Monterey Park, CA"]
[Date "2013.06.23"]
[Round "6"]
[White "Khachiyan, Melikset"]
[Black "Matikozian, Andranik"]
[Result "1/2-1/2"]
[WhiteElo "2596"]
[BlackElo "2518"]
[PlyCount "29"]
[EventDate "2013.06.??"]
[EventType "tourn"]
[EventRounds "7"]
[EventCountry "USA"]
[EventCategory "7"]

1. e4 e5 2. Nf3 Nc6 3. Bc4 Bc5 4. c3 Nf6 5. d3 d6 6. O-O O-O 7. Nbd2 a6 8. Bb3
Ba7 9. h3 Re8 10. Re1 h6 11. Nf1 Be6 12. Bc2 d5 13. Qe2 b5 14. Ng3 dxe4 15.
Nxe4 1/2-1/2